000 00612nam a2200205 a 4500
005 20140310183353.0
008 121206s19uu xx 00 eng d
020 _a9780071317870
050 _aQD 31.3
_b.C38 2013
100 _aChang, Raymond
245 _aChemistry /
_cRaymond Chang, Kenneth A. Goldsby.
250 _a11th ed.
260 _aNew York, NY :
_bMcGraw-Hill,
_c2013.
300 _axxxiii, 1085 p. :
_bcol. ill. ;
_c26 cm.
500 _aInternational Student ed. Includes index
650 _aChemistry
_xTextbooks
700 _aGoldsby, Kenneth A.
942 _cBK
_2lcc
_kFOR
999 _c22156
_d22156